| 000 | 00940nam a2200289 a 4500 | ||
|---|---|---|---|
| 008 | |||
| 020 | _a1857150562 (cased) | ||
| 049 | _aMAIN | ||
| 090 |
_aPR4560 _bDIC |
||
| 100 | 1 | _aDickens, Charles. | |
| 245 | 1 | 0 |
_aGreat expectations / _cCharles Dickens ; illustrated by F.W. Pailthrope with an introduction by Michael Slater. |
| 260 |
_aLondon : _bDavid Campbell, _c1992. |
||
| 300 |
_axxxiv, 469 p. : _bill. ; _c22 cm. |
||
| 440 |
_aEveryman's library ; _v56 . |
||
| 504 | _aIncludes bibliographical reference: p. xxii-xxiii. | ||
| 650 | 0 |
_aMan-woman relationships _vFiction. |
|
| 650 | 0 |
_aEx-convicts _vFiction. |
|
| 650 | 0 |
_aBenefactors _vFiction. |
|
| 650 | 0 |
_aYoung men _vFiction. |
|
| 650 | 0 |
_aRevenge _vFiction. |
|
| 650 | 0 |
_aOrphans _vFiction. |
|
| 907 |
_a.b10117556 _b01-12-15 _c06-04-04 |
||
| 003 | |||
| 005 | 20230123133655.0 | ||
| 040 | _cNUST | ||
| 942 |
_cBOOKS _kPR4560 _mDIC |
||
| 999 |
_c152652 _d152652 |
||